Normal view
MARC view
- Perrigon, A E B
Entry Personal Name
001 - CONTROL NUMBER
- control field: 6746
003 - CONTROL NUMBER IDENTIFIER
- control field: OSt
005 - DATE AND TIME OF LATEST TRANSACTION
- control field: 20250104145419.0
008 - FIXED-LENGTH DATA ELEMENTS
- fixed length control field: 250104|| aca||aabn | a|a d
040 ## - CATALOGING SOURCE
- Original cataloging agency: OSt
- Transcribing agency: OSt
100 ## - HEADING--PERSONAL NAME
- Personal name: Perrigon, A E B
670 ## - SOURCE DATA FOUND
- Source citation: Work cat.: (OSt)9360: Perrigon, A E B ., Electricity supply meters / , 1947.
